00881nam a22002417a 4500003000500000005001700005008004100022010000900063011000900072035000900081040000900090100003000099245016700129260004000296300001100336502013400347650003200481650002400513650003600537650002700573650001400600650002500614CHAP20220329133605.0971013s1993 r 00010 d a8284 a9256 a8490 cCHAP00aLara Ascencio, Francisco. aEfecto de dos sistemas de labranza y control de malezas sobre frijol (Phaseolus vulgaris L.) y amaranto (Amaranthus hypochondriacus L) sembrados solos y asociados aChapingo, Méx. :bEl Autor,c1993 a112 h. aTesis (M.C. en Protección Vegetal) -- UACH. Departamento de Parasitología Agrícola. Coordinación de Estudios de Postgrado14aAmaranthus hypochondriacus.14aCultivos asociados.14aFrijolxMalas hierbasxControl.14aHerbicidasxToxicidad.14aLabranza.14aSistemas de cultivo.